000 005170000a22001810004500
020 _a84-8267-083-2
041 0 _aSPA
082 0 4 _aG 269 M3869a
100 1 _aMartínez González, Carlos N.
245 1 0 _aAvivamiento : Un retorno a los patrones evangélicos / Carlos N. Martínez González
260 _aTerrassa, Barcelona, España : CLIE
300 _a251 Pag
001 8087
942 _cBK
999 _c38284
_d38284
336 _atexto
_btxt
_2rdacontent
337 _2rdamedia
_asin mediación
_bn
338 _2rdacarrier
_avolumen
_bnc